| 000 | 00631nam a2200181Ia 4500 | ||
|---|---|---|---|
| 999 |
_c557 _d557 |
||
| 020 | _a0 900332 79 4 | ||
| 082 | _aRR 920.0203 DIC; | ||
| 245 | 0 | _aDictionary of international biography: a biographical record of contemporary achivement | |
| 260 |
_aCambridge _bInternational Biographical Centre _c1984 |
||
| 300 | _alxxxiv, 781p. | ||
| 500 | _aContents: Vol.18.(0 900332 79 4)(lxxxiv, 781p.) - v.19.(1985)(0-900332 75 1)(photographs) | ||
| 504 | _aref. book | ||
| 650 | _aBiography, International - Dictionaries | ||
| 650 | _aInternational biography | ||
| 650 | _aCelebrities - Biography | ||
| 700 | _aKay, Ernest | ||
| 942 | _cBK | ||